| 000 | 00756cab a2200265 4500 | ||
|---|---|---|---|
| 001 | X1600 | ||
| 008 | 090401t1994 xxu||||| |||| 00| 0 eng d | ||
| 035 | _a(Sirsi) u18008 | ||
| 041 | _aeng | ||
| 100 | _aKashiwagi, K. | ||
| 245 | _aOpening of Japan`s public works construction market: dramatic changes in Japan`s bidding system | ||
| 260 | _c1994 | ||
| 350 | _a0 | ||
| 490 |
_aInternational Construction Law Review _v11(3) July 1994, 253-312(60) |
||
| 650 | _aBIDDING | ||
| 650 | _aBUILT ENVIRONMENT | ||
| 650 |
_aContracts _96232 |
||
| 650 | _aFOREIGN CONTRACTORS | ||
| 650 | _aINVESTMENT | ||
| 650 | _aJAPAN | ||
| 690 | _aBUILDING AND CONSTRUCTION-PROJECTS | ||
| 690 | _aOVERSEAS-REST OF THE WORLD | ||
| 942 | _n0 | ||
| 948 | _c04/03/1997 | ||
| 999 |
_c11940 _d11940 |
||